| 000 | 00592nab a2200181 4500 | ||
|---|---|---|---|
| 999 |
_c372248 _d372248 |
||
| 001 | 90031 | ||
| 003 | OSt | ||
| 005 | 20230224123412.0 | ||
| 007 | tu | ||
| 008 | 110905s2000||||||| | ||
| 040 |
_aDE-2950 _cDE-2950 |
||
| 245 | 0 | 0 |
_aWarum am Bahnhof in Frankfurt kein ICE hält. _bVerkehr. In Halle, dem Standort für das Zukunftszentrum, hält der Intercity-Express, in der Oderstadt nicht... / _cSelim Pekel |
| 264 | _c2023 | ||
| 653 | _aFrankfurt (Oder) | ||
| 653 | _aBahnverkehr | ||
| 773 | 0 |
_g34. Jahrgang (2023) Nr. 46, 23.02.2023, Seite 13: mit Foto _tMärkische Oderzeitung |
|
| 942 |
_2z _cA |
||